000 01178cam a2200217 4500
001 WB3841-09
008 021105n2002 000 0 eng u
035 _a(Sirsi) u120367
245 _aPublic space report issued
260 _c2002
490 _aODPM News Release
_v (108) 31 October 2002, (3)
520 _aNew report "Living places - cleaner, safer, greener" was launched at Urban Summit 2002. It sets out goverment vision for public space, the subject of five-year improvement programme. It also covers progress since Urban White Paper and responses to recommendations from Urban Green Spaces Taskforce. It aims to generate discussion on legislative framework for providing and maintaining shared public space. Copies of report available from t +44 (0)870 1226236 or downlaod from www.urban.odpm.gov.uk/greenspace/living/index.htm or www.defra.gov.uk/environment/localenv/index.htm ODPM News Release www.odpm.gov.uk/news/0210/0108.htm
590 _aWB
650 _aURBAN WHITE PAPER
650 _aURBAN GREENSPACE
650 _aOPEN SPACES
650 _aGREEN SPACES
650 _aPUBLIC SPACE
690 _aENVIRONMENTAL AND LAND CONSULTANCY
942 _n0
999 _c71519
_d71519